| 000 | 00485cam a2200193ua 4500 | ||
|---|---|---|---|
| 001 | 7795 | ||
| 008 | 141223n ii |||gr||||Z||||||ben | ||
| 040 | _cMAIN | ||
| 041 | _aben | ||
| 082 | _a891.442 | ||
| 100 |
_aBhattacharya, S., _eAuthor. |
||
| 245 | 1 |
_aNatyatatwamimansha _cBy Sadhankumar Bhattacharya |
|
| 250 | _a1st. | ||
| 260 |
_aKolkatta: _bBidyalay, _c1963. |
||
| 300 | _a531p. | ||
| 653 | _aEast Indo-European & Celtic literatures | ||
| 653 | _aBengali drama | ||
| 942 | _cBK | ||
| 999 |
_c6915 _d6915 |
||